000 00682nam a2200193 i 4500
001 74687
003 ES-MaACL
005 20230906172220.0
007 t|
008 040920s1981 sp ||||1| spa d
100 1 _aGonzález Temprano, Antonio.
_958984
245 1 3 _aLa banca y el Estado en la España contemporánea :
_b(1939-1979) /
_cAntonio González Temprano, Domingo Sánchez Robayna y Eugenio Torres Villanueva.
260 _aMadrid :
_bGráficas Espejo,
_c1981.
300 _a260 p. ;
_c19 cm.
650 4 _aBancos-
_zEspaña-
_yS.XX.
_9167658
700 1 _aSánchez Robayna, Domingo.
_9102880
700 1 _aTorres Villanueva, Eugenio.
_9111025
852 4 _aES-MaACL
_jL-1146
999 _c74687
_d74687